000 00663nab a2200217 a 4500
005 20210223131350.0
008 991125s1985 mx 000 0 spa u
035 _aUPN01000177444
100 1 _aRetana Franco, Blanca Estela
222 0 _aREVISTA DE PSICOLOGIA SOCIAL Y PERSONALIDAD
245 0 0 _aExplorando la respuesta real y culturalmente deseable ante las emociones básicas en la Ciudad de México
260 _aMéxico
300 _a81-98
362 0 _a2009 Vol. 25, no. 1
653 0 _aFELICIDAD
653 0 _aENOJO
653 0 _aTRISTEZA
653 0 _aAMOR
700 1 _aSánchez Aragón, Rozzana,
_d1969-
_ecoaut.
_936258
905 _aArticulo
999 _c149547
_d149547